000 00517nam a2200229Ia 4500
003 IT-RoPAU
008 120407s9999 xx 000 0 und d
040 _aIT-RoPAU
040 _cIT-RoPAU
041 _aita
100 _aOwen Chadwick
245 _aMichael Ramsay. Il primate del dialogo
250 _aCinisello Balsamo (MI)
260 _aSan Paolo Edizioni
260 _c1993
300 _a424 p.
300 _c23,5 cm
490 _aGrandi biografie, 3
490 _v1
942 _cBK
999 _c34431
_d34431